Statistics for Things that are "High"

Click here to take the quiz!

General Stats

  • This quiz has been taken 30,703 times
    (10,152 since last reset)
  • The average score is 14 of 20

Answer Stats

ClueAnswer% Correct
Happens twice daily at the beachHigh Tide
95%
Stilettos, e.g.High Heels
91%
A significant other who requires
lots of attention is ...
High Maintenance
85%
Fosbury Flop eventHigh Jump
83%
Mountainous region of ScotlandHighlands
83%
Time for an Old West showdown?High Noon
81%
Warning on electrical power linesHigh Voltage
80%
Animal ridden by
a self-righteous person?
High Horse
76%
HypertensionHigh Blood Pressure
72%
Basketball shoeHigh-top
68%
SkyscraperHigh-rise
66%
Like some corn syrupsHigh Fructose
63%
What hi-fi stands forHigh Fidelity
62%
Premium gasolineHigh Octane
61%
Hair accentHighlight
55%
Rum and coke, e.g.Highball
54%
International watersHigh Seas
54%
Silicon valley industryHigh Tech
53%
Denver's elevationMile High
52%
Rosh Hashanah and Yom KippurHigh Holy Days
44%

Score Distribution

Percentile by Number Answered

Percent of People with Each Score

Your Score History

You have not taken this quiz since the last reset